Estadística / (Registro nro. 11269)
[ vista simple ]
| 000 -CABECERA | |
|---|---|
| Longitud fija campo de control | 00900nam a2200277 a 4500 |
| 003 - • IDENTIFICADOR DELl NÚMERO DE CONTROL | |
| Identificador del número de control | CO-ViMGA |
| 005 - • FECHA Y HORA DE LA ÚLTIMA TRANSACCIÓN | |
| Fecha y hora de la última transacción | 20230915224326.0 |
| 008 - • CÓDIGOS DE INFORMACIÓN DE LONGITUD FIJA | |
| Códigos de información de longitud fija | 140327s2013 mx ad gr 00010 spa d |
| 040 ## - FUENTE DE LA CATALOGACIÓN | |
| Centro catalogador de origen | CO-ViMGA |
| Lengua de catalogación | spa |
| Centro transcriptor | CO-ViMGA |
| 041 1# - • CÓDIGO DE LENGUA | |
| Código de lengua original | eng |
| 082 04 - • NÚMERO DE LA CLASIFICACIÓN DECIMAL DEWEY | |
| Número de clasificación (R) | 519.5 T74e3 |
| Número de edición | 21 |
| 100 1# - • PUNTO DE ACCESO PRINCIPAL-NOMBRE DE PERSONA | |
| Nombre de persona | Triola, Mario F. |
| 245 10 - • TITULO PROPIAMENTE DICHO | |
| Título | Estadística / |
| 250 ## - • MENCIÓN DE EDICIÓN | |
| Mención de edición | 11a. edición. |
| 300 ## - • DESCRIPCIÓN FÍSICA | |
| Extensión | xxvii, 856 p. : |
| Otras características físicas | ilustraciones, gráficas ; |
| Dimensiones | 28 cm. |
| 500 ## - • NOTA GENERAL | |
| Nota general | Actualización Tecnológica. |
| 500 ## - • NOTA GENERAL | |
| Nota general | Incluye índice. |
| 534 ## - • Nota De Versión Original | |
| -- | Título original : |
| Título | Elementary statistics. |
| 650 14 - • PUNTO DE ACCESO ADICIONAL DE MATERIA - TÉRMINO DE MATERIA | |
| Término de materia o nombre geográfico como elemento inicial | Estadística. |
| 650 14 - • PUNTO DE ACCESO ADICIONAL DE MATERIA - TÉRMINO DE MATERIA | |
| Término de materia o nombre geográfico como elemento inicial | Estadística |
| Subdivisión de forma | Problemas, ejercicios, etc. |
| 700 1# - • PUNTO DE ACCESO ADICIONAL - NOMBRE DE PERSONA | |
| Nombre de persona | Hernández Ramírez, Roberto, |
| Término indicativo de función | revisor. |
| 700 1# - • PUNTO DE ACCESO ADICIONAL - NOMBRE DE PERSONA | |
| Nombre de persona | Pineda Ayala, Leticia Esther, |
| Término indicativo de función | traductor. |
| 942 ## - ENTRADA DE ELEMENTOS AGREGADOS (KOHA) | |
| Fuente de clasificaión o esquema | Dewey Decimal Classification |
| Koha [por defecto] tipo de item | LIbro |
| Perdido | Fuente de clasificación o esquema | Estado Físico | No para préstamo | Forma de adquisición | Localización permanente | Localización actual | Fecha adquisición | Préstamos totales | Signatura completa | Código de barras | Fecha última consulta | Número de copia | Fecha del precio de reemplazo | Tipo de item de Koha | Renovaciones totales | Fecha último préstamo | Localización en estanterías |
|---|---|---|---|---|---|---|---|---|---|---|---|---|---|---|---|---|---|
| Dewey Decimal Classification | Sala General | Biblioteca Comunitaria - Villavicencio | Biblioteca Comunitaria - Villavicencio | 12/02/2015 | 519.5 T74e3 | 5122 | 07/31/2017 | Ej. 1 | 07/31/2017 | LIbro | |||||||
| Dewey Decimal Classification | Sala General Segundo Piso | Biblioteca Pública Germán Arciniegas - Villavicencio | Biblioteca Pública Germán Arciniegas - Villavicencio | 12/02/2015 | 3 | 519.5 T74e3 | 29002 | 10/20/2017 | Ej. 1 | 12/02/2015 | LIbro | 2 | 10/10/2017 | ||||
| Dewey Decimal Classification | Colección General | Biblioteca Pública Mapiripan | Biblioteca Pública Mapiripan | 12/26/2023 | 519.5 T73cs | MAP0000600 | 12/26/2023 | Ej.1 | 12/26/2023 | LIbro | General |